000 03106nam a2200337Ia 4500
001 114449
003 DR-UNIBE
005 20260312121847.0
007 cr nn 008mamaa
008 260312b2025 mx |||||s|||| 00| 0 spa d
020 _a9786071524676
020 _a9786071524461 (electrónico)
040 _aBIBLIOTECA UNIBE
_cBIBLIOTECA UNIBE
041 _aspa
100 _aÇengel, Yunus A.
_eautor
_916599
100 _aBoles, Michael A.
_eautor
_9179391
100 _aKanoğlu, Mehmet
_eautor
_9181688
245 _aTermodinámica
250 _aDécima edición
260 _aMéxico :
_bMcGraw-Hill Interamericana,
_c2025
300 _axxi, 982 páginas :
_bilustraciones
500 _aRecurso en línea: Disponible para miembros de UNIBE a través del portal web del CRAI: https://www.unibe.edu.do/biblioteca/libros-electronicos/
505 _a1. Introducción y conceptos básicos | 2. Energía, transferencia de energía y análisis general de energía | 3. Propiedades de las sustancias puras | 4. Análisis de energía de sistemas cerrados | 5. Análisis de masa y energía de volúmenes de control | 6. La segunda ley de la termodinámica | 7. Entropía | 8. Exergía | 9. Ciclos de potencia de gas | 10. Ciclos de potencia de vapor y combinados | 11. Ciclos de refrigeración | 12. Relaciones de propiedades termodinámicas | 13. Mezcla de gases | 14. Mezclas de gas-vapor y acondicionamiento de aire | 15. Reacciones químicas | 16. Equilibrio químico y de fase | 17. Flujo compresible |
520 _aToda ciencia posee un vocabulario único y la termodinámica no es la excepción. La definición precisa de conceptos básicos constituye una base sólida para el desarrollo de una ciencia y evita posibles malas interpretaciones. Este capítulo inicia con un repaso de la termodinámica y los sistemas de unidades y continúa con la explicación de algunos conceptos básicos, como sistema, estado, postulado de estado, equilibrio, proceso y ciclo. Se analizan las propiedades intensivas y extensivas de un sistema y se definen la densidad, la gravedad específica y el peso específico. También se analizan los términos temperatura y escalas de temperatura con especial énfasis en la escala internacional de temperatura de 1990. Posteriormente se presenta la presión, definida como la fuerza normal que ejerce un fluido por unidad de área, y se analizan las presiones absoluta y manométrica, la variación de la presión con la profundidad y los instrumentos de medición de presión, como manómetros y barómetros. El estudio cuidadoso de estos conceptos es esencial para lograr una buena comprensión de los temas tratados en este libro. Por último, se presenta una técnica para resolver problemas, intuitiva y sistemática, que se puede usar como modelo en la solución de problemas de ingeniería.
650 _aTermodinámica
_9181689
650 _aMáquinas térmicas
_9103295
650 _aTransferencia de carga
_995416
655 _aRecurso electrónico
_942681
856 _uhttps://ezproxy.unibe.edu.do:2069/?il=43664
942 _cEB
_2ddc
999 _c114449
_d114449